Представление документа в формате MARC21

Поле Инд. ПП Название Значение
Тип записи a
Библиографический уровень b
001 Контрольный номер RU/IS/BASE/508431468
005 Дата корректировки 20200630193307.7
008 Кодируемые данные 20160210
040 b Код языка каталог. rus
e Правила каталог. PSBO
041 0_ a Код языка текста rus
084 a Индекс другой классификации/Индекс ББК 74.03(2)63-4; 74.24
100 1_ a Автор Чащухин А. В.
q Полное имя Чащухин Александр Валерьевич
245 11 a Заглавие "Отсутствие цели урока ведет к безыдейности в преподавании истории". Габитус и дискурс работников отделов народного образования начала 1950-х годов
520 a Аннотация Рассматриваются особенности габитуса и речевых практик работников отделов народного образования. Анализируются способы использования политического языка в профессиональной педагогической сфере, реконструируются механизмы оценивания работы школьного учителя и практики, под воздействием которых формировался габитус педагога-эксперта в системе образования.
650 14 a Основная рубрика история образования
a Основная рубрика образование
a Основная рубрика общее образование (школьное образование)
653 1_ a Ключевые слова габитус
a Ключевые слова идеология
a Ключевые слова инспекторы
a Ключевые слова история
a Ключевые слова личность учителя
a Ключевые слова методика преподавания
a Ключевые слова образовательная политика
a Ключевые слова педагогический дискурс
a Ключевые слова политический язык
a Ключевые слова преподавание истории
a Ключевые слова речевые практики
a Ключевые слова Россия
a Ключевые слова советская школа
a Ключевые слова советский период
a Ключевые слова СССР
a Ключевые слова сталинизм
a Ключевые слова цель урока
773 08 t Заглавие источника Вопросы образования
d Дата издания источника 2015
g Прочая информация № 1. - С. 234 - 251
w Контрольный № источника RU/IS/BASE/482515005
901 t Тип документа b